000 00469nam a22001937a 4500
003 OSt
005 20160405154658.0
008 130403b xxu||||| |||| 00| 0 eng d
020 _a84-289-0067-3
040 _cBMC
082 _2864.56
100 _925
_aAzorín
_d1873-1967
245 1 0 _aEspañoles en París
_cAzorín
250 _a7ª ed
260 _aMadrid
_bEspasa-Calpe
_c1977
300 _a165 p.
_c18 cm
490 _aAustral
_v67
942 _2ddc
_cBK
_hprozim
999 _c62
_d62